Compendios de Medicina y Cirugía, Urología / (Record no. 71210)

MARC details
000 -LEADER
campo de control de longitud fija 00493nam a2200157 i 4500
001 - NÚMERO DE CONTROL
campo de control 71210
003 - IDENTIFICADOR DE NÚMERO DE CONTROL
campo de control ES-MaACL
007 - CAMPO FIJO DE DESCRIPCIÓN FÍSICA--INFORMACIÓN GENERAL
campo de control de longitud fija t|
008 - DATOS DE LONGITUD FIJA--INFORMACIÓN GENERAL
campo de control de longitud fija 040806s1926 sp ||||1| spa d
100 1# - ENTRADA PRINCIPAL--NOMBRE DE PERSONA
Nombre de persona Gautier, E. L.
9 (RLIN) 56047
245 10 - MENCIÓN DEL TÍTULO
Título Compendios de Medicina y Cirugía, Urología /
Mención de responsabilidad, etc. por E. L. Gautier ; traducido por Angel Ortega y Diez.
260 ## - PUBLICACIÓN, DISTRIBUCIÓN, ETC.
Lugar de publicación, distribución, etc. Madrid :
Nombre del editor, distribuidor, etc. [s.n.,
Fecha de publicación, distribución, etc. 1926 (
Fabricante Blass)
300 ## - DESCRIPCIÓN FÍSICA
Extensión 153 p. ;
Dimensiones 17 cm.
700 1# - ENTRADA AGREGADA--NOMBRE PERSONAL
Nombre de persona Ortega y Diez, Angel.
9 (RLIN) 87498
852 ## - LOCALIZACIÓN
Ubicación ES-MaACL
Número de control de estantería B-9756
Sublocalización o colección R.18547
Holdings
Estatus retirado Estado de pérdida Estado de daño No para préstamo Biblioteca de origen Biblioteca actual Ubicación en estantería Fecha de adquisición Fuente de adquisición Total de préstamos Signatura topográfica completa Código de barras Visto por última vez Precio de reemplazo Tipo de ítem Koha
        Biblioteca del Ateneo de Madrid Biblioteca del Ateneo de Madrid Sala Pardo Bazán 17/01/2008     B-9756 1074560 23/02/2023 23/02/2023 Libro impreso